[Event "4th Memorial Warakomska-A 2020"]
[Site "Suwalki"]
[Date "2020.08.08"]
[Round "3.2"]
[White "Goluch, Piotr"]
[Black "Janik, Igor"]
[Result "0-1"]
[WhiteElo "2376"]
[BlackElo "2467"]
[Annotator "TA"]
[PlyCount "74"]
[EventDate "2020.08.06"]
[EventType "swiss"]
[EventCountry "POL"]
[SourceTitle "playchess.com"]
[Source "ChessBase"]
[SourceQuality "1"]

{[%evp 10,74,31,30,36,19,39,20,18,22,25,34,30,17,34,22,60,64,81,81,75,71,65,65,59,52,44,43,49,19,91,-12,-35,-69,-74,-110,-116,-116,-116,-116,-116,-109,-106,-142,-143,-419,-386,-361,-180,-434,-422,-430,-419,-448,-379,-645,-662,-663,-669,-960,-942,-1263,-1268,-1286,-1243,-1318,-1308]} 1. d4 Nf6 2. c4 e6 3. g3 Bb4+ 4. Bd2 c5 5. Bxb4 cxb4 6. Bg2 a5 {E00: Catalan Bogo-Indian (3 g3 Bb4+).} 7. Nd2 d6 8. Ngf3 O-O {The position is equal.} 9. O-O b6 10. e4 Bb7 11. Qc2 Nc6 {[#]} 12. d5 $146 {Hoping for a3.} ({Predecessor:} 12. e5 dxe5 13. dxe5 Nd7 14. Rfe1 Nc5 15. Re3 Qe7 16. Nb3 {½-½ (16) Koch,T (2416)-Saiboulatov,D (2375) Belgium 2003}) 12... exd5 13. exd5 Ne7 {[%cal Bc6e7,Be7g6,Bg6e5][%mdl 32]} 14. Rfe1 $36 {[%mdl 2048] Black is under strong pressure.} Rc8 15. Qd3 Ng6 16. Rac1 Nd7 17. Nd4 Nge5 18. Qb1 Nc5 19. Bf1 Re8 (19... g5 $11) 20. Ne4 (20. Re3 $16) 20... b5 $11 21. Nxc5 dxc5 22. Qf5 {[#]} g6 $1 {[%cal Rg6f5]} ({Reject} 22... cxd4 $6 23. Rxe5 Rxe5 24. Qxe5 $11) ({Stronger than} 22... Nxc4 23. Rxe8+ Qxe8 {[#]} 24. Nxb5 $1 $14 {[%mdl 512]}) 23. Qf4 cxd4 24. Rxe5 Rxe5 25. Qxe5 Bxd5 $1 {[%cal Rb5c4][%mdl 64] Pin} 26. c5 Bxa2 27. c6 $2 {[%mdl 8192] This move loses the game for White.} (27. Bxb5 $17 d3 28. Ba4) 27... d3 $19 28. Rd1 Qd5 ({Less strong is} 28... Rxc6 29. Rxd3 Qf8 30. Qxb5 $17) (28... Bc4 $142 29. Qe4 Qf6) 29. Qe7 $2 (29. Qxd5 Bxd5 30. Bxd3) 29... Qxc6 30. Rxd3 {intending Rd8+.} Qe8 31. Qf6 Bc4 32. Re3 $2 (32. Rd1) 32... Qc6 {Black is clearly winning.} 33. Qxc6 Rxc6 34. Re8+ Kg7 35. Rb8 Rc5 36. Bg2 a4 37. Ra8 Re5 {Accuracy: White = 39%, Black = 80%.} 0-1

[Event "4th Memorial Warakomska-A 2020"]
[Site "Suwalki"]
[Date "2020.08.08"]
[Round "3.3"]
[White "Godzwon, Iwo"]
[Black "Lewicki, Miroslaw"]
[Result "1-0"]
[WhiteElo "2347"]
[BlackElo "2340"]
[Annotator "TA"]
[PlyCount "101"]
[EventDate "2020.08.06"]
[EventType "swiss"]
[EventCountry "POL"]
[SourceTitle "playchess.com"]
[Source "ChessBase"]
[SourceQuality "1"]

{[%evp 23,101,73,85,71,75,92,118,92,187,72,75,59,72,75,119,114,107,116,108,111,102,98,110,100,97,98,111,104,172,174,246,176,157,127,124,125,370,370,370,370,362,362,498,485,594,589,2455,580,572,528,828,518,518,518,827,818,804,831,841,809,1044,1008,977,743,815,702,600,562,2024,2004,1902,1706,29966,2836,4952,4586,6428,720,1106,997]} 1. e4 c5 2. Nf3 d6 3. d4 cxd4 4. Nxd4 Nf6 5. Nc3 a6 6. Be3 Ng4 7. Bc1 Nf6 8. f3 e6 9. Be3 Qc7 10. Qd2 Be7 11. g4 b5 12. O-O-O Bb7 13. g5 {B80: Sicilian Scheveningen: 6 g3 and 6 Be3, including English Attack.} Nfd7 14. h4 b4 {[#]} 15. Nce2 $1 {White is better.} d5 {[#]} (15... Nc6 $16) 16. exd5 (16. Nf4 $1 $18 {is more deadly.}) 16... Bxd5 $16 17. Kb1 Nb6 $1 {[#]} 18. Nf4 $146 ({Predecessor:} 18. Bf4 Qb7 19. Qd3 N8d7 20. Bh2 Nc4 21. Nf5 Bf8 22. Qd4 Rg8 23. Nf4 Bc5 24. Bxc4 Bxd4 25. Nd6+ Kf8 26. Nxb7 Bxf3 27. Rxd4 Bxh1 28. Rxd7 {1-0 (32) Arutyunova,D (2025)-Kovtonjuk,N Kiev 1999}) 18... N8d7 19. Nf5 Bxa2+ 20. Kxa2 exf5 21. Nd5 Nxd5 22. Qxd5 {[%mdl 64] Double Attack} Rd8 {White must now prevent ...Nc5.} 23. Qxf5 $40 {[%mdl 128] White goes for the king.} O-O 24. h5 {Strongly threatening Bd3.} ({Don't go for} 24. Bxa6 $2 Ra8 $19) 24... Ne5 25. Be2 Rfe8 (25... Rc8 $16 {was worth a try.}) 26. f4 $18 Nd7 (26... Qa5+ $142 27. Kb1 b3 28. cxb3 Nc4 29. Qxa5 Nxa5 30. Bxa6 Rb8) 27. g6 (27. Bxa6 Ra8 $19) 27... Nf6 28. b3 {And now gxf7+ would win.} fxg6 29. hxg6 h6 $2 {Now Black is done in.} (29... Rxd1 $16 30. Rxd1 Kh8) 30. Bc4+ Kh8 31. Bd4 Rxd4 32. Rxd4 Rf8 33. Qe5 Qa7 34. Rd2 {White wants to mate with Rdh2!} Ng8 35. Qe6 (35. Bxg8 $142 {Intending Rxh6+ and mate.} Kxg8 36. Rh5) 35... Nf6 36. Kb1 a5 37. Re1 Bc5 38. Qc6 a4 (38... Qb6 $142 39. Qxb6 Bxb6) 39. bxa4 b3 40. Bxb3 Bb4 41. c3 Ba5 42. Kc2 Qb8 43. Qc5 Bc7 44. Red1 Ne4 45. Qb4 Nxd2 46. Qxb8 ({Weaker is} 46. Kxd2 Bxf4+ 47. Kc2 Qe8 $14) 46... Rxb8 47. Rxd2 Bxf4 {KRB-KRB} 48. Rd5 (48. Rd7 $142 Bg5 49. a5 Ra8 50. Rf7 Rd8 51. a6 Rd2+ 52. Kb1 Rd8 53. a7) 48... Bc7 {White is clearly winning.} 49. Rc5 Bd8 50. Bd5 (50. a5 $142 Ra8 51. a6) 50... Be7 51. Rb5 {Accuracy: White = 70%, Black = 35%.} 1-0

[Event "4th Memorial Warakomska-A 2020"]
[Site "Suwalki"]
[Date "2020.08.08"]
[Round "3.4"]
[White "Jarocka, Liwia"]
[Black "Kucza, Karol"]
[Result "1/2-1/2"]
[WhiteElo "1934"]
[BlackElo "2245"]
[Annotator "TA"]
[PlyCount "54"]
[EventDate "2020.08.06"]
[EventType "swiss"]
[EventCountry "POL"]
[SourceTitle "playchess.com"]
[Source "ChessBase"]
[SourceQuality "1"]

{[%evp 26,54,0,0,27,27,33,33,34,16,29,41,45,-44,-24,-26,-19,-85,28,28,28,28,23,21,31,17,17,-26,12,12,68]} 1. e4 c6 2. d4 d5 3. Nd2 dxe4 4. Nxe4 Bf5 5. Ng3 Bg6 6. h4 h6 7. Nf3 Nd7 8. h5 Bh7 9. Bd3 Bxd3 10. Qxd3 e6 11. Bd2 Ngf6 12. O-O-O Be7 13. Kb1 O-O {13...Qb6 deserves study.} 14. Ne4 Nxe4 {B19: Classical Caro-Kann: 4...Bf5 main line.} 15. Qxe4 Nf6 16. Qe2 Qd5 {White is slightly better.} 17. Be3 Rad8 18. Ne5 c5 {[%cal Rc5d4] [#]} (18... Qxg2 $6 19. Bxh6 $1 {[%mdl 512]} Qe4 20. Qxe4 $16) 19. Ng4 $146 (19. g4 $14) ({Predecessor:} 19. g4 cxd4 20. Bxd4 Qe4 21. Qxe4 Nxe4 22. f3 Bc5 23. Bxc5 Nxc5 24. c3 Rfe8 25. Kc2 {0-1 (44) Balabayeva,K (2146)-Gunina,V (2431) chess.com INT 2020}) 19... Nxg4 (19... Qxg2 $6 20. Rdg1 $16) 20. Qxg4 {Bxh6 is the strong threat.} f5 $1 $36 {[%cal Rf5g4][%mdl 2048] Black fights for an advantage.} 21. Qe2 {[#]} (21. Qg3 $1 $11 {remains equal.} Bd6 22. f4) 21... c4 ({But not} 21... cxd4 $6 22. Bxd4 Qc6 23. Rhe1 $14 (23. Bxa7 b6 $15)) ({Of course not} 21... Qxg2 $6 22. Rhg1 $14) (21... f4 $1 $17 {[%cal Rf4e3]} 22. Bd2 cxd4) 22. Bf4 $11 Bd6 23. g3 b5 24. Rhe1 Kf7 25. Bxd6 Rxd6 26. g4 Rfd8 27. f4 a5 {Accuracy: White = 64%, Black = 62%.} ({Better is} 27... Kg8 $11) 1/2-1/2

[Event "4th Memorial Warakomska-A 2020"]
[Site "Suwalki"]
[Date "2020.08.08"]
[Round "3.5"]
[White "Jakhari, Ansh"]
[Black "Wolanski, Michal"]
[Result "0-1"]
[WhiteElo "1908"]
[BlackElo "2019"]
[Annotator "TA"]
[PlyCount "80"]
[EventDate "2020.08.06"]
[EventType "swiss"]
[EventCountry "POL"]
[SourceTitle "playchess.com"]
[Source "ChessBase"]
[SourceQuality "1"]

{[%evp 26,79,0,0,18,-37,95,-29,0,-33,-25,-27,0,0,20,24,22,-127,-122,-397,-384,-390,-390,-383,-383,-378,-367,-643,-625,-865,-817,-795,-795,-772,-770,-928,-895,-1132,-1111,-1675,-1721,-1637,-1411,-2053,-1859,-29988,-1304,-5310,-5310,-29993,-29994,-29994,-29994,-29995,-29996,-29999]} 1. e4 c5 2. Nf3 Nc6 3. d4 cxd4 4. Nxd4 Nf6 5. Nc3 e5 6. Ndb5 d6 7. Bg5 a6 8. Na3 b5 9. Nd5 Be7 10. Bxf6 Bxf6 11. c3 O-O 12. Nc2 Bg5 13. Be2 Ne7 14. Ncb4 Be6 {B33: Sicilian: Pelikan and Sveshnikov Variations.} 15. O-O (15. Nxe7+ $11 Qxe7 16. O-O) 15... f5 (15... a5 $15 {keeps the upper hand.} 16. Nxe7+ Qxe7) 16. f3 ({White should play} 16. Nxe7+ $16 Qxe7 17. exf5 Bxf5 18. Bf3) 16... Kh8 {Black has an edge.} 17. Qd3 {[#]} Nxd5 $146 ({Predecessor:} 17... Qd7 18. Kh1 Nxd5 19. Nxd5 Qb7 20. Rad1 Rf7 21. Qc2 Raf8 22. c4 fxe4 23. fxe4 Bxd5 24. cxd5 {0-1 (52) Horvath,S (1636)-Lengyel,A (1780) Budapest 2015}) 18. Nxd5 Bxd5 19. Qxd5 Be3+ 20. Kh1 f4 21. Qe6 {[#]} (21. a4 $11) 21... Rf6 $1 $36 {[%cal Rf6e6][%mdl 2048] Black is really pushing.} 22. Qg4 $2 {[%mdl 8192] This costs White the game.} (22. Qd5 $17) 22... Rg6 $19 23. Qh5 Qe7 24. a4 Rh6 25. Qg4 Rh4 26. Qf5 $2 (26. Qxh4 Qxh4 27. axb5) 26... g6 27. Qh3 Rxh3 28. gxh3 bxa4 29. Rxa4 Qb7 30. b4 d5 31. Bd3 Qd7 32. Ra5 dxe4 33. Bxe4 Rc8 34. Rxa6 Rxc3 35. Raa1 Rb3 (35... Qxh3 $142 36. b5 Rc4 37. Bd3 Rd4 38. b6 Rxd3 {[%mdl 64] Discovered Attack} 39. b7 Rb3 40. Rad1 Rxb7 41. Rf2 Bd4 42. Rc1 Bxf2 43. Rc8+ Qxc8 44. Kg2 Rb2 45. h3 Bh4+ 46. Kh1 Qc1#) 36. Ra8+ {[#]} Kg7 $1 37. Rb8 Qxh3 {[%cal Rh3f1] Black mates.} 38. Rd1 {[#]} Rb2 $1 {[%csl Gh3][%cal Rb2h2]} 39. Rb7+ Kh6 {[%csl Gh3][%cal Rb2h2]} 40. Rdd7 Qxh2# {Accuracy: White = 14%, Black = 72%.} 0-1

[Event "4th Memorial Warakomska-A 2020"]
[Site "Suwalki"]
[Date "2020.08.08"]
[Round "3.6"]
[White "Rasti, Arvin"]
[Black "Deruelle Sala, Albert"]
[Result "1-0"]
[WhiteElo "2139"]
[BlackElo "2078"]
[Annotator "TA"]
[PlyCount "65"]
[EventDate "2020.08.06"]
[EventType "swiss"]
[EventCountry "POL"]
[SourceTitle "playchess.com"]
[Source "ChessBase"]
[SourceQuality "1"]

{[%evp 10,65,54,39,58,61,67,38,38,28,36,-11,8,-3,19,-2,22,21,21,12,14,27,664,647,646,652,650,649,643,631,662,642,718,695,714,640,736,730,862,852,809,816,997,977,1209,1201,1091,1067,1206,1166,1540,1497,1504,1153,1478,900,2087,1862]} 1. d4 f5 2. Bg5 h6 3. Bh4 g5 4. Bg3 Nf6 5. e3 d6 6. Nc3 a6 {A80: Dutch Defence: Unusual White second moves.} 7. h4 {hxg5 is the strong threat.} Rg8 {[#]} 8. Bc4 $146 ({Predecessor:} 8. hxg5 hxg5 9. f4 g4 10. Nge2 e6 11. d5 Qe7 12. Bh4 Qf7 13. Bxf6 Qxf6 14. Nd4 e5 15. fxe5 dxe5 {1-0 (50) Kubicki,T (2426)-Troia,E (2299) ICCF email 2014}) 8... e6 {White is slightly better.} 9. hxg5 hxg5 10. a4 d5 11. Be2 Bd6 12. Bxd6 cxd6 13. g4 $36 {[%mdl 2048] White fights for an advantage.} fxg4 14. Bxg4 Nc6 15. Qf3 Bd7 $2 {[%mdl 8192] [#] This move loses the game for Black.} (15... Qe7 $11) 16. Rh7 $1 $18 {[%mdl 512] Threatening mate with Bh5+.White is clearly winning.} Qe7 (16... Nxh7 17. Bh5+) 17. Rxe7+ Kxe7 18. Nge2 Raf8 19. Qg2 Nb4 20. O-O-O b5 21. axb5 axb5 22. f3 Rc8 23. Ng3 Nxc2 24. Kxc2 b4 25. Ra1 Rc7 26. Nh5 Nxg4 27. Qxg4 bxc3 28. bxc3 e5 29. Qg3 Bf5+ 30. Kd2 Rb7 31. Ra2 Ke6 32. dxe5 Rgb8 33. Qxg5 {Accuracy: White = 80%, Black = 73%.} 1-0

[Event "4th Memorial Warakomska-A 2020"]
[Site "Suwalki"]
[Date "2020.08.08"]
[Round "3.7"]
[White "Bugajski, Robert"]
[Black "Mulet, Piotr"]
[Result "0-1"]
[WhiteElo "2081"]
[BlackElo "2217"]
[Annotator "TA"]
[PlyCount "185"]
[EventDate "2020.08.06"]
[EventType "swiss"]
[EventCountry "POL"]
[SourceTitle "playchess.com"]
[Source "ChessBase"]
[SourceQuality "1"]

{[%evp 18,185,38,40,37,40,39,41,39,32,45,0,0,0,5,9,27,26,20,12,12,12,11,12,8,10,10,10,6,1,28,28,28,36,29,12,12,19,83,70,98,93,91,69,92,92,92,78,84,0,92,80,99,85,92,92,92,53,92,0,94,92,92,92,91,53,53,53,56,56,66,66,76,76,76,76,76,66,68,0,56,0,76,76,76,76,76,0,76,76,76,0,76,45,45,45,45,43,43,43,74,74,78,78,78,78,78,78,78,78,78,78,78,45,81,45,74,45,74,37,45,37,52,37,37,37,37,37,37,38,52,52,74,52,74,52,74,52,74,38,38,38,56,56,66,33,66,21,66,33,66,31,66,33,66,33,66,40,66,56,81,81,81,81,81,81,81,81,81,81]} 1. c4 e6 2. Nf3 Nf6 3. b3 d5 4. Bb2 c5 5. e3 Nc6 6. cxd5 exd5 7. Be2 Bf5 8. O-O Be7 9. d4 O-O 10. Nc3 Rc8 {D32: Tarrasch Defence: Sidelines and lines without g3.} 11. Rc1 cxd4 12. Nxd4 Bg6 {[#] White is slightly better.} 13. Nf3 $146 ({Predecessor:} 13. Nxc6 bxc6 14. Na4 Ne4 15. Ba6 Rc7 16. f3 Nd6 17. Bc3 Nf5 18. Qd2 Rd7 19. Ba5 {½-½ (26) Tihonov,J (2399)-Starostits,I (2458) Riga 2018}) 13... h6 14. Qd2 Ne4 15. Nxe4 dxe4 16. Nd4 Bb4 17. Qd1 Nxd4 18. Qxd4 Qxd4 19. Bxd4 a6 20. a4 f6 21. Rc4 Rxc4 22. Bxc4+ Bf7 $1 23. Rc1 Bd6 24. g4 Re8 25. Kg2 Kf8 26. Bc5 Bxc5 27. Bxf7 $11 {[%mdl 4096] Endgame KRB-KRB} Re5 (27... Bxe3 $11 28. Rc7 Re7 29. Rxe7 Kxe7) 28. Bg6 $16 a5 29. Rc4 b6 30. Bxe4 g5 31. Kf3 Re6 32. Bd5 Re5 33. Be4 ({Better is} 33. Bb7 $16) 33... Ke7 (33... Re6 $1 $11 {keeps the balance.}) 34. Rc3 Re6 35. Rd3 Re5 36. h3 Bd6 37. Rd5 Bc7 38. Rd3 Bd6 $1 39. Bd5 Bc5 40. Bc4 Bd6 41. Rd5 (41. Kg2 {with more complications.} Rc5 42. Rd4 Re5 43. Rd1 f5 44. Bb5) 41... Rxd5 42. Bxd5 $14 {KB-KB} Kf8 43. Ke4 Kg7 44. Bc4 Kf8 45. Kd5 Bc5 46. Ke6 Kg7 47. Kf5 Bd6 48. Ke4 Kf8 $1 49. Kd5 Bc5 $1 50. Kc6 Kg7 51. Kd7 Bb4 52. Kc6 Bc5 53. Be6 Kf8 54. Bc4 Kg7 55. b4 Bxb4 56. Kxb6 Be1 57. f4 gxf4 58. exf4 Bd2 59. f5 Bb4 60. Kc6 Be1 61. Kd6 Bh4 62. Ke7 Be1 63. Bf7 Bh4 64. Bh5 Bg5 65. Ke6 Bh4 66. Kd5 Be1 67. Ke4 Bh4 68. Kf3 Be1 69. Ke2 Bh4 70. Kf1 Bg3 71. Kg2 Bh4 72. Bg6 Kf8 73. Kf3 Kg7 74. Ke4 Be1 75. Kd5 Bh4 76. Kc5 Be1 77. Kb5 Bd2 78. h4 Be1 79. Kb6 Bd2 80. Be8 Be1 81. Bc6 Bd2 82. Bd5 Be1 83. Bc4 Bd2 84. Bd3 Be1 85. Be2 Bd2 86. Kc5 Be1 87. Kb5 Bd2 88. Kc6 Be1 {[#]} 89. h5 $1 {White is better.} Bd2 90. Kd6 Bg5 91. Ke6 Bd2 92. Bb5 Bg5 93. Bc4 {[%mdl 32768] Accuracy: White = 77%, Black = 77%. . Loss on time!?} 0-1

[Event "4th Memorial Warakomska-A 2020"]
[Site "Suwalki"]
[Date "2020.08.08"]
[Round "3.8"]
[White "Krasiewicz, Robert"]
[Black "Rudzinska, Michalina"]
[Result "0-1"]
[WhiteElo "2033"]
[BlackElo "2080"]
[Annotator "TA"]
[PlyCount "66"]
[EventDate "2020.08.06"]
[EventType "swiss"]
[EventCountry "POL"]
[SourceTitle "playchess.com"]
[Source "ChessBase"]
[SourceQuality "1"]

{[%evp 9,66,9,6,1,9,-23,-19,-19,0,0,0,2,0,0,2,0,23,-26,-26,-3,0,-25,-20,-43,-33,-37,-38,-41,0,0,0,-27,-15,-32,0,-11,22,37,27,23,38,0,0,-189,-185,-190,-205,-209,-155,-147,-67,-206,-206,-182,-192,-786,-766,-963,-924]} 1. Nf3 c5 2. c4 Nc6 3. g3 g6 4. Bg2 Bg7 5. Nc3 e6 6. h4 {A37: Symmetrical English vs ...g6: 4 Bg2 Bg7 5 Nf3.} h6 7. b3 Nge7 8. Bb2 {[#] The position is equal.} d6 $146 ({Predecessor:} 8... b6 9. Qb1 e5 10. Nd5 Rb8 11. h5 d6 12. hxg6 fxg6 13. Nh4 g5 14. Ng6 Bf5 {1-0 (61) Fedorowicz,J (2440)-Shamkovich,L (2485) Hastings 1977}) 9. e3 O-O 10. d4 cxd4 11. Nxd4 Nxd4 12. exd4 Nf5 13. Ne2 Rb8 14. a4 Bd7 15. Qd2 Qb6 16. Ra3 Bc6 17. O-O Bxg2 18. Kxg2 d5 19. c5 Qc7 20. b4 b6 21. Rc1 bxc5 (21... h5 {feels hotter.} 22. Rc2 bxc5 23. dxc5 e5 24. b5 d4) 22. dxc5 Bxb2 (22... e5 {is more complex.} 23. c6 d4 24. Rb3 Qd6 25. Qc2 Rbc8) 23. Qxb2 e5 24. b5 d4 25. Qc2 a6 26. Rb3 $2 {[#]} (26. b6 $11 Qb7+ 27. f3) 26... axb5 $1 $19 27. axb5 {[#]} Rxb5 $1 {[%mdl 512]} 28. c6 (28. Rxb5 Qc6+) 28... Rxb3 29. Qxb3 e4 (29... Ne7 $17 30. f4 Rb8) 30. h5 {This move loses the game for White.} (30. Qb7 $15 Qc8 31. Rc5) 30... d3 31. Nf4 d2 32. Rc5 $2 {[#]} (32. Rd1) 32... Nh4+ $1 {[%mdl 512]} 33. Kf1 {[#]} (33. gxh4 Qxf4) 33... Qb6 $1 {[%mdl 576] Back Rank, Promotion. Accuracy: White = 48%, Black = 85%.} 0-1

[Event "4th Memorial Warakomska-A 2020"]
[Site "Suwalki"]
[Date "2020.08.08"]
[Round "3.9"]
[White "Shilov, Sergej"]
[Black "Budzisz, Adrian"]
[Result "1-0"]
[WhiteElo "2121"]
[BlackElo "1823"]
[Annotator "TA"]
[PlyCount "91"]
[EventDate "2020.08.06"]
[EventType "swiss"]
[EventCountry "POL"]
[SourceTitle "playchess.com"]
[Source "ChessBase"]
[SourceQuality "1"]

{[%evp 21,91,43,39,35,34,35,35,35,50,11,31,8,24,30,71,68,64,58,55,62,84,68,556,554,547,553,554,543,570,558,566,563,534,507,559,558,537,512,606,610,713,706,824,822,797,671,712,681,686,643,1666,1515,1491,951,889,886,997,961,985,985,945,953,860,838,1025,1005,1073,1056,1920,1340,5964,6415]} 1. d4 Nf6 2. c4 g6 3. Nc3 Bg7 4. e4 d6 5. Be2 O-O 6. Bg5 c5 7. d5 e6 8. Qd2 Re8 9. Nf3 exd5 10. exd5 Qb6 11. O-O Bg4 12. h3 {E75: King's Indian: Averbakh Variation: 6...c5 7 d5 e6.} Bxf3 13. Bxf3 Nbd7 14. b3 {[%cal Bb2b3,Bb3c4][%mdl 32] White is slightly better.} a6 15. Rfe1 Qb4 {[#]} 16. Qc2 $146 ({Predecessor:} 16. Rac1 b5 17. Ne4 Nxe4 18. Qxb4 cxb4 19. Rxe4 Rxe4 20. Bxe4 Nc5 21. Bf3 Nd3 22. Rc2 {½-½ (63) Houriez,C (2252)-Fressinet,L (2693) Aix les Bains 2011}) 16... b5 17. Be2 bxc4 18. bxc4 Rab8 19. Rab1 Qa5 20. Bd2 $36 {[%mdl 2048] White has some pressure.} Qc7 21. Qa4 Ne4 $2 {[%mdl 8192] [#] Black cannot hold the game after this.} ({Black should play} 21... Qa7 $14) 22. Rxb8 $18 {White is clearly winning.} Qxb8 23. Nxe4 Rxe4 24. Qxd7 Be5 25. f3 Bd4+ 26. Kf1 Re5 27. Bf4 Qb2 {intending ...Rxe2.} 28. Bh6 {[#] Threatening mate with Qd8+.} Qb8 29. Qa4 Qd8 {( -> ...Qh4)} 30. Rb1 f5 31. Qxa6 Qe8 32. Bd3 Bc3 33. Qc6 Re1+ 34. Kf2 Bd4+ 35. Kg3 Qe5+ 36. Bf4 Qe8 37. Qxe8+ Rxe8 38. Bxd6 Kg7 39. h4 Re3 40. Rd1 Re8 41. a4 Kf6 42. Bf4 Ra8 43. Bc2 Kf7 44. Rb1 Re8 45. Rb7+ Kg8 46. Rb8 {Accuracy: White = 94%, Black = 51%.} 1-0

[Event "4th Memorial Warakomska-A 2020"]
[Site "Suwalki"]
[Date "2020.08.08"]
[Round "3.10"]
[White "Flis, Pawel"]
[Black "Praczukowski, Stanislaw"]
[Result "0-1"]
[WhiteElo "1873"]
[BlackElo "2132"]
[Annotator "TA"]
[PlyCount "108"]
[EventDate "2020.08.06"]
[EventType "swiss"]
[EventCountry "POL"]
[SourceTitle "playchess.com"]
[Source "ChessBase"]
[SourceQuality "1"]

{[%evp 27,108,-22,0,-14,67,47,90,57,68,-126,166,-39,-47,-66,191,203,183,197,201,85,79,71,73,73,73,81,72,52,55,-185,-185,-185,-185,-234,-226,-230,-185,-290,-287,-362,-343,-466,-354,-464,-464,-582,-589,-594,-594,-622,-629,-774,-774,-774,-774,-774,-767,-689,-689,-625,-579,-800,-774,-767,-752,-723,-596,-782,-622,-1105,-1095,-1602,-1595,-1595,-1587,-1573,-1573,-1558,-1547,-1499,-1089,-789,-599]} 1. Nf3 Nf6 2. g3 d5 3. Bg2 c5 4. O-O e6 5. d3 Nc6 6. Nbd2 Be7 7. e4 O-O 8. e5 Nd7 9. Re1 b5 10. Nf1 a5 11. h4 b4 12. Bf4 a4 13. a3 bxa3 14. bxa3 Ba6 15. Ne3 {C00: French: Unusual White 2nd moves.} Na5 (15... Rb8 $11) 16. Ng5 $14 {[#]} c4 $146 ({Predecessor:} 16... h6 17. Qh5 hxg5 18. hxg5 Nc6 19. Nxd5 exd5 20. e6 Bxg5 21. Bxd5 Nde5 22. exf7+ Rxf7 {1-0 (30) Teran Alvarez,I (2325)-Dgebuadze,A (2425) Leon 1996}) 17. Qh5 {[%csl Gg5][%cal Rh5h7] White is better.} Bxg5 ({But not} 17... h6 $6 {[#]} 18. Nxd5 $1 {[%mdl 512]} Bc5 19. Nf6+ $1 {[%mdl 512]} gxf6 20. Ne4 $18) 18. hxg5 $2 (18. Bxg5 $14 {is the one way to stay ahead.} Qb6 19. d4 Qxd4 20. Rad1) 18... Qe8 $2 {[%mdl 8192]} (18... cxd3 $17 {keeps the pressure on.} 19. Nxd5 exd5) 19. Nxd5 $2 (19. d4 $18) 19... exd5 $15 20. Bxd5 Nb6 $2 {[%mdl 8192]} (20... Bb7 $15 {stays ahead.} 21. dxc4 Bxd5 22. cxd5 Nb6) 21. Bxa8 $18 Nxa8 {[#]} 22. e6 $1 {[%cal Re6e7][%mdl 512] Threatens to win with e7.} g6 (22... fxe6 23. g6) 23. Qe2 (23. Qh3 $18 {is more deadly. And now e7 would win.} fxe6 24. Rxe6) 23... cxd3 $16 24. cxd3 {Black must now prevent e7.} Qxe6 25. Qxe6 fxe6 26. Rxe6 Bxd3 27. Rc1 Nb3 28. Rc3 $2 (28. Rd1 $1 $14 {keeps the upper hand.}) 28... Nd4 $19 {White is on the road to losing.} 29. Re3 Ne2+ {[%mdl 64] Double Attack} 30. Kh2 Nxc3 31. Rxd3 Rc8 32. Be5 (32. Rd6 $142) 32... Ne4 33. f4 Nb6 34. Rd4 Nc3 35. Rd6 Nc4 $1 {[%csl LRa3,LRd6] Black is clearly winning.} 36. Rd7 {aiming for Rg7+.} Nxe5 37. fxe5 {[%mdl 4096] Endgame KRN-KR} Nb5 38. e6 Re8 39. e7 Kf7 40. Rb7 Nxa3 41. Ra7 Rxe7 42. Rxa4 Nb5 43. Kh3 Nd6 44. Rf4+ Kg7 45. Ra4 Re4 46. Ra7+ Nf7 47. g4 Kf8 48. Kh4 Ne5 49. Rxh7 Rxg4+ 50. Kh3 Rxg5 51. Ra7 Nf7 52. Kh4 Rb5 53. Kg4 Rb4+ 54. Kg3 Kg7 {Accuracy: White = 30%, Black = 64%.} 0-1